=LDR 00000nam 2200000 4500 =001 INLIS000000000037159 =005 20130612142913 =008 ***********************************Ind** =035 ##$$0010-061300000037159 =041 ##$$a Ind =082 ##$$a 688.7 =090 ##$$a 688.7, Gos t =100 ##$$a Gosai, Katharina Ingrid =245 ##$$a Terampil membuat boneka guk-guk, Katharina Ingrid Gosai, Petra Aqvina Budiarti =260 ##$$a 2011 $b Jakarta =300 ##$$a 98 hlm, ilus, 28 cm =650 ##$$a Boneka =700 ##$$a Budiarti, Petra Aquina =850 ##$$a NBPNMAT